Statistics for Five Letter Geography #4

Click here to take the quiz!

General Stats

  • This quiz has been taken 14,158 times
  • The average score is 16 of 22

Answer Stats

Description Answer % Correct
Country where espresso was inventedItaly
95%
Type of leaf that appears on Canada's flagMaple
92%
Nairobi is its capitalKenya
90%
A book of mapsAtlas
90%
Capital of Bulgaria, also a common
name for girls
Sofia
85%
Deep, narrow, oceanic inlet that
Norway is famous for
Fjord
84%
Capital of VietnamHanoi
83%
What lava is called when it is beneath
the surface of the Earth
Magma
83%
One of Cyprus's two official languagesGreek
81%
City in France known for mustardDijon
81%
The two most populous cities in AfricaCairo
81%
Town in England known for its white cliffsDover
80%
Where Mohammed was bornMecca
80%
American religious group that shuns
most modern technology
Amish
79%
Capital of AfghanistanKabul
78%
The two most populous cities in AfricaLagos
69%
Country in Oceania whose capital is ApiaSamoa
67%
Japan's second most populous metro areaOsaka
67%
Archaic English word for county.
You may know it from "The Hobbit"
Shire
63%
This city of 28 million has the world's
worst air pollution
Delhi
56%
City that was once the capital of
the Incan empire
Cusco
34%
City found at the border of France,
Switzerland, and Germany
Basel
31%

Score Distribution

Percentile by Number Answered

Percent of People with Each Score

Your Score History

You have not taken this quiz